[Event "Capablanca Memorial op-B 45th"]
[Site "Havana"]
[Date "2011.05.18"]
[Round "7"]
[White "Mercantete Rodriguez, Edilberto"]
[Black "Andraca Perera, Jose Raul"]
[Result "1-0"]
[WhiteElo "2101"]
[BlackElo "2020"]
[PlyCount "59"]
[EventDate "2011.05.11"]
[EventType "swiss"]
[EventRounds "7"]
[EventCountry "CUB"]
[SourceTitle "CBM 142 Extra"]
[Source "ChessBase"]
[SourceDate "2011.06.27"]
[SourceVersion "1"]
[SourceVersionDate "2011.06.27"]
[SourceQuality "1"]

1. e4 e6 2. Nc3 d5 3. d3 Nf6 4. Bg5 Be7 5. e5 Nfd7 6. Bxe7 Qxe7 7. d4 a6 8. Qg4 f5 9. Qg3 Nb6 10. f4 Bd7 11. Nf3 Nc6 12. a3 Na5 13. Nd2 Nac4 14. 0-0-0 Bb5 15. Nb3 0-0 16. Bd3 Na4 17. Nxa4 Bxa4 18. Nc5 Bc6 19. Qf2 b6 20. Nb3 a5 21. Rhg1 a4 22. Nd2 Nxa3 23. bxa3 Qxa3+ 24. Kb1 Ra5 25. Qe2 b5 26. Nf3 b4 27. Qd2 b3 28. Qxa5 Rb8 29. Qc3 Qa2+ 30. Kc1 1-0

[Event "Ajedrez del Mar"]
[Site "Santa Cruz del Norte"]
[Date "2007.06.19"]
[Round "5"]
[White "Borges Feria, Yasel"]
[Black "Andraca Perera, Jose Raul"]
[Result "1-0"]
[WhiteElo "2349"]
[BlackElo "2025"]
[PlyCount "65"]
[EventDate "2007.06.17"]
[EventType "tourn"]
[EventRounds "14"]
[EventCountry "CUB"]
[SourceTitle "EXT 2019"]
[Source "ChessBase"]
[SourceDate "2018.10.10"]
[SourceVersion "1"]
[SourceVersionDate "2018.10.10"]
[SourceQuality "1"]

1. Nf3 Nf6 2. b3 b6 3. Bb2 Bb7 4. g3 Bxf3 5. exf3 c5 6. Bg2 Nc6 7. 0-0 Rc8 8. f4 d5 9. Re1 d4 10. d3 g6 11. Nd2 Bg7 12. Qe2 Nd5 13. h4 0-0 14. a3 e5 15. fxe5 Nxe5 16. Nc4 Nc6 17. Qf3 Nde7 18. Qf4 Qd7 19. Re2 Rcd8 20. Rae1 h5 21. Qf3 b5 22. Na5 Rc8 23. Bc1 Rfd8 24. Bg5 f6 25. Bxf6 Rf8 26. Nxc6 Nxc6 27. Qd5+ Qxd5 28. Bxd5+ Kh8 29. Bxg7+ Kxg7 30. Re6 Nd8 31. Re7+ Kh8 32. Rxa7 Rf5 33. Re8+ 1-0